Haltestellen der Linie 2 (Wien) - Statistiken

Allgemein
  • Dieses Quiz wurde 60 mal gespielt
  • Das Durchschnittsergebnis liegt bei 24 aus 35
Antwortstatistiken
Andere Linien Haltestelle % Korrekt
10, 43, 44A Dornbach
92%
D, 1, 62, 71, WLB, U2Z, 2A, 59A Oper/Karlsplatz
89%
U1, U4, 1, 2A Schwedenplatz
89%
U3, 3A, 74A Stubentor
89%
31, 33, 5A, 11A. 11B Friedrich-Engels-Platz
86%
D, 1, 46, 49, 71, U2Z, 48A Ring/Volkstheater
83%
U2, 5B Taborstraße
83%
1 Julius-Raab-Platz
81%
D, 1, 71, U2Z Parlament
81%
D, 71, 2A, 4A Schwarzenbergplatz
81%
5 Am Tabor
78%
U6, 5A, 37A Dresdner Straße
78%
U6, 33 Josefstädter Straße
75%
- Rathaus
75%
5, 33 Albertgasse
72%
D, 1, 71, U2Z, 57A Burgring
72%
31, 33, 37A Hochstädtplatz
72%
9, 44 Johann-Nepomuk-Berger-Platz
72%
- Neulerchenfelder Straße/Brunnengasse
67%
10, 46A, 46B Sandleitengasse
67%
- Weihburggasse
67%
- Marienbrücke
64%
10A Wilhelminenstraße
64%
13A Lederergasse
61%
9 Mayssengasse
61%
ÖBB, 5A, 37A Traisengasse
61%
5, 33 Blindengasse
58%
10 Liebknechtgasse
58%
5A Karmeliterplatz
56%
- Neulerchenfelder Straße/Haberlgasse
56%
5B Taborstraße/Heinestraße
56%
- Innstraße
53%
- Römergasse
53%
- Rebhanngasse
44%
- Gredlerstraße
42%
Keine übereinstimmenden Quizze gefunden
Verteilung der Resultate
Anzahl Personen mit jedem Resultat
Perzentil nach korrekt beantworteten Fragen
Ihre Resultats-Entwicklung
Sie haben dieses Quiz noch nicht gespielt